[Event "Recklinghausen"]
[Site "Recklinghausen"]
[Date "1997.??.??"]
[Round "4"]
[White "Mainka, Romuald"]
[Black "Kishnev, Sergey"]
[Result "0-1"]
[WhiteElo "2520"]
[BlackElo "2500"]
[PlyCount "78"]
[EventDate "1997.07.??"]
[EventType "tourn"]
[EventRounds "9"]
[EventCountry "GER"]
[EventCategory "8"]
[SourceTitle "CBM 060 Extra"]
[Source "ChessBase"]
[SourceDate "1997.11.04"]
[SourceVersion "1"]
[SourceVersionDate "1997.11.04"]
[SourceQuality "1"]

1. e4 e6 2. d4 d5 3. Nc3 Nf6 4. Bg5 dxe4 5. Nxe4 Be7 6. Bxf6 gxf6 7. Nf3 b6 8.
Qd2 Bb7 9. Bd3 f5 10. Ng3 h5 11. Ne2 Nc6 12. O-O-O Nb4 13. Bc4 a6 14. a3 Nd5
15. Kb1 Bf6 16. Rhe1 Qd7 17. Nc1 O-O-O 18. Nd3 Kb8 19. Qe2 Ka7 20. Bb3 Qd6 21.
Nfe5 Qf8 22. g3 h4 23. Ka2 Qg7 24. c4 Ne7 25. d5 exd5 26. c5 hxg3 27. hxg3 Bxe5
28. Nxe5 Ng6 29. Nd3 a5 30. Qc2 Qf6 31. Ba4 d4 32. Rc1 f4 33. g4 Rh3 34. Bb5
Nf8 35. Qa4 Ne6 36. cxb6+ cxb6 37. Nb4 d3 38. Nc6+ Bxc6 39. Rxc6 d2 0-1

[Event "Oberliga NRW 9798 II"]
[Site "Germany"]
[Date "1997.??.??"]
[Round "2.1"]
[White "Kishnev, Sergey"]
[Black "Mainka, Gregor"]
[Result "1-0"]
[WhiteElo "2500"]
[BlackElo "2375"]
[PlyCount "63"]
[EventDate "1997.10.??"]
[EventType "team"]
[EventRounds "9"]
[EventCountry "GER"]
[SourceTitle "EXT 1999"]
[Source "ChessBase"]
[SourceDate "1998.11.16"]
[SourceVersion "1"]
[SourceVersionDate "1998.11.16"]
[SourceQuality "1"]
[WhiteTeam "Gelsenkirchen"]
[BlackTeam "Neu Herne"]
[WhiteTeamCountry "GER"]
[BlackTeamCountry "GER"]

1. d4 e6 2. c4 Bb4+ 3. Bd2 a5 4. e4 d6 5. Nf3 Nf6 6. Bd3 e5 7. Nc3 Bg4 8. a3
Bxc3 9. Bxc3 exd4 10. Bxd4 Nc6 11. Bc3 O-O 12. Qc2 Qe7 13. O-O-O Ne5 14. Be2
Ned7 15. h3 Bh5 16. Bd3 Ne5 17. g4 Nxd3+ 18. Qxd3 Bg6 19. Rhe1 Nxe4 20. Qd4 f5
21. gxf5 Bxf5 22. Nh4 Qg5+ 23. f4 Qxf4+ 24. Re3 Rf7 25. Nxf5 Re8 26. Rg1 Re5
27. Rg4 Qf1+ 28. Re1 Qxh3 29. Rgxe4 Rfxf5 30. Rxe5 Rxe5 31. Rxe5 dxe5 32. Qd8+
1-0

[Event "Oberliga NRW 9798 II"]
[Site "Germany"]
[Date "1998.??.??"]
[Round "6.1"]
[White "Kishnev, Sergey"]
[Black "Borngaesser, Rene"]
[Result "1-0"]
[WhiteElo "2500"]
[BlackElo "2350"]
[PlyCount "79"]
[EventDate "1997.10.??"]
[EventType "team"]
[EventRounds "9"]
[EventCountry "GER"]
[SourceTitle "EXT 1999"]
[Source "ChessBase"]
[SourceDate "1998.11.16"]
[SourceVersion "1"]
[SourceVersionDate "1998.11.16"]
[SourceQuality "1"]
[WhiteTeam "Gelsenkirchen"]
[BlackTeam "Duesseldorf"]
[WhiteTeamCountry "GER"]
[BlackTeamCountry "GER"]

1. d4 g6 2. Nf3 Bg7 3. g3 Nf6 4. Bg2 d5 5. c4 c6 6. Qb3 O-O 7. O-O Nbd7 8. cxd5
cxd5 9. Nc3 e6 10. Bf4 a6 11. Rfc1 Re8 12. Nd1 Nb8 13. Ne5 Nfd7 14. Nxd7 Qxd7
15. e3 Nc6 16. Nc3 Na5 17. Qd1 b5 18. a4 b4 19. Na2 Bf8 20. Rc7 Qd8 21. Rac1
Bb7 22. Qf3 f6 23. Be5 b3 24. Nc3 Be7 25. Rxe7 Qxe7 26. Bxf6 Qf7 27. g4 Nc4 28.
g5 Rac8 29. Qd1 Bc6 30. Qe2 Qd7 31. Ra1 Qb7 32. h4 Qb4 33. h5 Qf8 34. Bh3 Qf7
35. Bg4 Bd7 36. hxg6 hxg6 37. Kg2 Re7 38. Rh1 Qh7 39. Rxh7 Rxh7 40. e4 1-0

[Event "BEL-chT 9899"]
[Site "Antwerp"]
[Date "1998.12.06"]
[Round "4"]
[White "Kishnev, Sergey"]
[Black "Van der Stricht, Geert"]
[Result "1-0"]
[WhiteElo "2500"]
[BlackElo "2355"]
[PlyCount "103"]
[EventDate "1998.10.??"]
[EventType "team"]
[EventRounds "11"]
[EventCountry "BEL"]
[SourceTitle "EXT 2000"]
[Source "ChessBase"]
[SourceDate "1999.11.16"]
[SourceVersion "1"]
[SourceVersionDate "1999.11.16"]
[SourceQuality "1"]

1. d4 Nf6 2. c4 e6 3. Nc3 Bb4 4. Qc2 O-O 5. a3 Bxc3+ 6. Qxc3 b6 7. Bg5 c5 8.
dxc5 bxc5 9. e3 d6 10. Rd1 Nbd7 11. Bd3 Qb6 12. Ne2 Rb8 13. Rd2 a5 14. O-O Ba6
15. Bf4 Kh8 16. Rfd1 Rb7 17. Bb1 d5 18. cxd5 exd5 19. Ng3 Bc4 20. Nf5 Bb3 21.
Rc1 a4 22. Bd6 Rc8 23. e4 g6 24. Ne7 Rd8 25. Nxd5 Bxd5 26. Rxd5 Qxb2 27. Qxb2
Rxb2 28. Be5 Nxe5 29. Rxd8+ Kg7 30. f3 Rb3 31. Ra8 Nh5 32. Rxa4 Nf4 33. Kf1 c4
34. Ba2 Rb2 35. Bxc4 Rxg2 36. Rc3 Rxh2 37. Ra7 g5 38. Bxf7 Rh1+ 39. Kf2 Rh2+
40. Kg1 Rg2+ 41. Kf1 Kf6 42. Ra6+ Ke7 43. Rc7+ Kd8 44. Rb7 Rc2 45. Bb3 Rc7 46.
Ra8+ Rc8 47. Rxc8+ Kxc8 48. Rxh7 Nxf3 49. Bd5 Ne5 50. a4 Nfd3 51. a5 Nb4 52. a6
1-0

[Event "BEL-chT 9899"]
[Site "Antwerp"]
[Date "1998.12.20"]
[Round "5"]
[White "Van Beek, Lucien"]
[Black "Kishnev, Sergey"]
[Result "0-1"]
[WhiteElo "2315"]
[BlackElo "2500"]
[PlyCount "80"]
[EventDate "1998.10.??"]
[EventType "team"]
[EventRounds "11"]
[EventCountry "BEL"]
[SourceTitle "EXT 2000"]
[Source "ChessBase"]
[SourceDate "1999.11.16"]
[SourceVersion "1"]
[SourceVersionDate "1999.11.16"]
[SourceQuality "1"]

1. d4 Nf6 2. c4 e6 3. Nc3 Bb4 4. e3 O-O 5. Nge2 d5 6. a3 Be7 7. cxd5 exd5 8. b4
Nbd7 9. Ng3 Nb6 10. Bd3 g6 11. O-O a5 12. b5 Bd6 13. Nce2 a4 14. Qc2 Qe7 15. e4
dxe4 16. Nxe4 Nxe4 17. Bxe4 Re8 18. Nc3 Qh4 19. g3 Qh5 20. Bb2 Rb8 21. Rfe1 Bh3
22. Qd3 Re7 23. Re3 Bf5 24. Bxf5 Qxf5 25. Qxf5 gxf5 26. Rxe7 Bxe7 27. Re1 Bf6
28. Nd1 Nc4 29. Bc1 Bxd4 30. Re7 Be5 31. Bf4 Bxf4 32. gxf4 Nxa3 33. Nc3 Rc8 34.
Re5 Nc4 35. Rxf5 a3 36. Rc5 Nd6 37. f5 b6 38. Rd5 Ra8 39. Rd4 Ra5 40. Ra4 Nxb5
0-1

[Event "BEL-chT 9899"]
[Site "Antwerp"]
[Date "1999.03.??"]
[Round "8"]
[White "Kishnev, Sergey"]
[Black "Klip, Hans"]
[Result "1-0"]
[WhiteElo "2500"]
[BlackElo "2327"]
[PlyCount "91"]
[EventDate "1998.10.??"]
[EventType "team"]
[EventRounds "11"]
[EventCountry "BEL"]
[SourceTitle "EXT 2000"]
[Source "ChessBase"]
[SourceDate "1999.11.16"]
[SourceVersion "1"]
[SourceVersionDate "1999.11.16"]
[SourceQuality "1"]

1. d4 f5 2. c4 Nf6 3. Nc3 g6 4. g3 Bg7 5. Bg2 O-O 6. Nf3 d6 7. O-O c6 8. b3 Qc7
9. Ba3 a5 10. Rc1 Na6 11. d5 Bd7 12. Nd4 Rae8 13. e3 Nc5 14. Nce2 e5 15. dxe6
Bxe6 16. Nxe6 Rxe6 17. Nd4 Re7 18. Bb2 Qb6 19. Rb1 Rd8 20. Qc2 Ng4 21. h3 Nf6
22. a3 Nce4 23. b4 axb4 24. axb4 Qxb4 25. Nxf5 gxf5 26. Bxf6 Qxb1 27. Rxb1 Bxf6
28. g4 Bh4 29. Rf1 Rf8 30. gxf5 Nc5 31. Rd1 Ref7 32. Rxd6 Rxf5 33. f4 Be7 34.
Rd2 Ne6 35. Be4 R5f7 36. Rg2+ Kh8 37. Qb2+ Bf6 38. Qe2 Re7 39. Qf3 Rfe8 40. Bc2
c5 41. Kh2 Nf8 42. Qg4 Bg7 43. Qg5 Rc7 44. Rg3 Rd7 45. Qxc5 Bc3 46. Ba4 1-0

[Event "BL2-West 9899"]
[Site "Germany"]
[Date "1999.01.10"]
[Round "4.1"]
[White "Bastian, Herbert"]
[Black "Kishnev, Sergey"]
[Result "0-1"]
[WhiteElo "2409"]
[BlackElo "2500"]
[PlyCount "58"]
[EventDate "1998.10.??"]
[EventType "team-tourn"]
[EventRounds "9"]
[EventCountry "GER"]
[SourceTitle "GER-chT2"]
[Source "ChessBase"]
[SourceDate "1999.07.01"]
[SourceVersion "1"]
[SourceVersionDate "1999.07.01"]
[SourceQuality "1"]
[WhiteTeam "Saarbruecken"]
[BlackTeam "Gelsenkirchen"]
[WhiteTeamCountry "GER"]
[BlackTeamCountry "GER"]

1. e4 c5 2. Nc3 Nc6 3. g3 g6 4. Bg2 Bg7 5. d3 e6 6. Nge2 d6 7. Be3 Nd4 8. O-O
Rb8 9. Rb1 Ne7 10. a3 O-O 11. b4 Bd7 12. Qd2 Qc7 13. Rfc1 e5 14. f4 Bg4 15. Rf1
Rfc8 16. fxe5 dxe5 17. h3 Be6 18. Nd5 Bxd5 19. exd5 Nef5 20. Bxd4 cxd4 21. Rxf5
gxf5 22. Rc1 Qd6 23. g4 Qh6 24. g5 Qh4 25. Rf1 f4 26. c4 b6 27. d6 Qxg5 28. Kh1
Qh6 29. d7 Rd8 0-1

[Event "BL2-West 9899"]
[Site "Germany"]
[Date "1999.03.21"]
[Round "8.1"]
[White "Kishnev, Sergey"]
[Black "Telljohann, Sven"]
[Result "1-0"]
[WhiteElo "2500"]
[BlackElo "2413"]
[PlyCount "73"]
[EventDate "1998.10.??"]
[EventType "team-tourn"]
[EventRounds "9"]
[EventCountry "GER"]
[SourceTitle "GER-chT2"]
[Source "ChessBase"]
[SourceDate "1999.07.01"]
[SourceVersion "1"]
[SourceVersionDate "1999.07.01"]
[SourceQuality "1"]
[WhiteTeam "Gelsenkirchen"]
[BlackTeam "Muenster"]
[WhiteTeamCountry "GER"]
[BlackTeamCountry "GER"]

1. d4 g6 2. e4 Bg7 3. Nf3 c5 4. d5 d6 5. Nc3 Bg4 6. h3 Bxf3 7. Qxf3 Nf6 8. Be2
O-O 9. O-O Na6 10. Bg5 Rb8 11. Rfe1 h6 12. Be3 Nc7 13. a4 a6 14. a5 b5 15. axb6
Rxb6 16. Ra2 Rb4 17. Bd2 e6 18. dxe6 fxe6 19. Qg3 Kh7 20. e5 dxe5 21. Be3 Qe7
22. Ra5 Nb5 23. Nxb5 axb5 24. Rxb5 Ne4 25. Qh2 Rxb5 26. Bxb5 Qb7 27. c4 Qc7 28.
Rd1 Rd8 29. Rxd8 Qxd8 30. Kh1 Nd6 31. Bxc5 Nxb5 32. cxb5 Qa5 33. b4 Qxb5 34.
Qg3 e4 35. Qc7 Qc4 36. Bd6 Qf1+ 37. Kh2 1-0

[Event "Recklinghausen op"]
[Site "Recklinghausen"]
[Date "1999.??.??"]
[Round "3"]
[White "Husari, Satea"]
[Black "Kishnev, Sergey"]
[Result "0-1"]
[WhiteElo "2305"]
[BlackElo "2495"]
[PlyCount "78"]
[EventDate "1999.??.??"]
[EventType "swiss"]
[EventRounds "9"]
[EventCountry "GER"]
[SourceTitle "EXT 2000"]
[Source "ChessBase"]
[SourceDate "1999.11.16"]
[SourceVersion "1"]
[SourceVersionDate "1999.11.16"]
[SourceQuality "1"]

1. d4 Nf6 2. c4 e6 3. Nf3 d5 4. Nc3 dxc4 5. e3 c5 6. Bxc4 a6 7. O-O b5 8. Bd3
Bb7 9. Qe2 Nbd7 10. Rd1 Qc7 11. a3 Rd8 12. Bb1 Bd6 13. h3 O-O 14. e4 cxd4 15.
Nxd4 Nc5 16. Bc2 Bh2+ 17. Kh1 Be5 18. Be3 Ncxe4 19. Nxe4 Nxe4 20. Rac1 Qb8 21.
Bb1 Rc8 22. Nf3 Nf6 23. b4 Bf4 24. Rxc8 Rxc8 25. Bd4 Rd8 26. Bxf6 Rxd1+ 27.
Qxd1 gxf6 28. Ne1 f5 29. Nd3 Qd8 30. Qf1 Bc7 31. Nc5 Qd6 32. Qg1 Bd5 33. Bc2 a5
34. Bb1 Kf8 35. f3 axb4 36. axb4 Qg3 37. Nd7+ Ke7 38. Nc5 Bxf3 39. gxf3 Qxh3+
0-1

[Event "Recklinghausen op"]
[Site "Recklinghausen"]
[Date "1999.??.??"]
[Round "6"]
[White "Kishnev, Sergey"]
[Black "Koscielski, Janusch"]
[Result "1-0"]
[WhiteElo "2495"]
[BlackElo "2310"]
[PlyCount "65"]
[EventDate "1999.??.??"]
[EventType "swiss"]
[EventRounds "9"]
[EventCountry "GER"]
[SourceTitle "EXT 2000"]
[Source "ChessBase"]
[SourceDate "1999.11.16"]
[SourceVersion "1"]
[SourceVersionDate "1999.11.16"]
[SourceQuality "1"]

1. e4 c5 2. Nf3 d6 3. Bb5+ Nd7 4. d4 Ngf6 5. Nc3 a6 6. Bxd7+ Nxd7 7. O-O e6 8.
Bg5 f6 9. Bf4 cxd4 10. Nxd4 Ne5 11. Qh5+ g6 12. Qe2 Be7 13. Be3 O-O 14. Rad1
Bd7 15. f4 Nc6 16. f5 Nxd4 17. Bxd4 e5 18. Be3 Rc8 19. Rf3 Rxc3 20. bxc3 gxf5
21. exf5 Kh8 22. c4 Bc6 23. Rh3 Rf7 24. Rg3 Bf8 25. Qh5 Rg7 26. Rxg7 Bxg7 27.
Bc5 Qg8 28. Bxd6 Bh6 29. Qe2 Be3+ 30. Kh1 Qg5 31. Be7 Bf4 32. Rd6 Qh6 33. Rd8+
1-0

[Event "BEL-chT 9900"]
[Site "Antwerp"]
[Date "1999.10.??"]
[Round "3"]
[White "De Wit, Michel"]
[Black "Kishnev, Sergey"]
[Result "0-1"]
[WhiteElo "2330"]
[BlackElo "2495"]
[PlyCount "60"]
[EventDate "1999.10.08"]
[EventType "team"]
[EventRounds "11"]
[EventCountry "BEL"]
[SourceTitle "CBM 073 Extra"]
[Source "ChessBase"]
[SourceDate "2000.01.11"]
[SourceVersion "1"]
[SourceVersionDate "2000.01.11"]
[SourceQuality "1"]

1. e4 c5 2. c3 d5 3. exd5 Qxd5 4. d4 Nf6 5. Nf3 Nc6 6. Be3 cxd4 7. Nxd4 e5 8.
Nxc6 Qxd1+ 9. Kxd1 bxc6 10. Nd2 Ng4 11. Nc4 Nxe3+ 12. Nxe3 Bc5 13. Kc2 O-O 14.
Bc4 Bd7 15. Rad1 Rad8 16. Rhe1 Bc8 17. f3 Rxd1 18. Nxd1 Re8 19. b4 Bb6 20. Nb2
Kf8 21. a4 Bc7 22. Bd3 f5 23. h3 g6 24. Nc4 Kf7 25. Kd2 Kf6 26. Ke3 Be6 27. Rb1
Rd8 28. Nd2 Kg5 29. h4+ Kh5 30. Nc4 f4+ 0-1

[Event "EU-Cup 16th"]
[Site "Neum"]
[Date "2000.09.24"]
[Round "1.2"]
[White "Kishnev, Sergey"]
[Black "Onischuk, Alexander"]
[Result "1-0"]
[WhiteElo "2495"]
[BlackElo "2627"]
[Annotator "Tyomkin,D"]
[PlyCount "73"]
[EventDate "2000.09.24"]
[EventType "team-swiss"]
[EventRounds "7"]
[EventCountry "BIH"]
[SourceTitle "CBM 080"]
[Source "ChessBase"]
[SourceDate "2001.01.25"]
[SourceVersion "1"]
[SourceVersionDate "2001.01.25"]
[SourceQuality "1"]
[WhiteTeam "Eupen Rochade"]
[BlackTeam "Donetsk"]
[WhiteTeamCountry "BEL"]
[BlackTeamCountry "UKR"]

1. d4 f5 2. g3 Nf6 3. Bg2 d6 4. Bg5 e6 5. Nd2 h6 6. Bxf6 Qxf6 7. e4 $5 $146 {
e2-e4 is very logical in this position, but it sacrifices pawn.} (7. Ngf3 Nc6
8. c3 e5 9. e4 f4 10. d5 Nd8 $132 {1/2-1/2 Eingorn,V-Malaniuk,V/ Beijing 1991 
(30)}) (7. c3 e5 8. e4 $5) 7... Nc6 {Onischuk declines the sacrifice.} (7...
Qxd4 8. Qh5+ Kd8 9. c3 Qf6 10. O-O-O $44 {[%csl Rd8] Black king stays in the
center for a while.}) 8. c3 Be7 9. exf5 exf5 (9... O-O 10. Ne2 $14) 10. Ne2 (
10. Qb3 Nd8 {[%cal Gc8e6]} (10... Qf7 11. Bd5 $5 {[%cal Ge1c1]}) 11. O-O-O $14)
10... g5 11. f4 (11. O-O f4 $5 (11... Bd7 {[%cal Ge8c8]})) 11... Bd7 12. d5 Nd8
13. Qb3 $16 {[%csl Rd7,Rd8,Re7] White has got large advantage in space. Black
light pieces are very passive here.} c5 {Black tries to get rid of this
passive setup.} 14. dxc6 bxc6 (14... Bxc6 15. Bd5 (15. Bxc6+ bxc6 16. O-O-O))
15. O-O Ne6 (15... Qe6 16. Nd4 Qxb3 17. axb3 $16) (15... h5 16. fxg5 Qxg5 17.
Nf4 h4 18. Nf3 Qg7 19. Nxh4 Bxh4 20. gxh4 $16 {[%cal Ga1e1]}) 16. Qb7 $1 {
[%csl Ra8,Rc6,Rd7,Re8]} Rc8 17. Qxa7 g4 (17... d5 {[%cal Ge7c5]} 18. Nb3 $16) (
17... Rc7 18. Qb6 O-O 19. fxg5 hxg5 20. Nd4 {[%csl Rc7,Rf5]}) 18. Nd4 Nxd4 19.
cxd4 Be6 (19... h5 20. Rfe1 {[%cal Ge1e3,Ya1e1]}) 20. Rae1 Kf7 (20... O-O 21.
Rf2 {[%cal Gf2e2] and like in the game, but better for black to have the king
on f7.} (21. d5 $5 cxd5 22. Qe3 Kf7 23. Nb3 {[%cal Gb3d4]} Bd8 $1 $13 24. Nd4
$140 $2 Bb6)) 21. Rf2 Ra8 22. Qb6 Rhb8 23. Qxc6 Qxd4 24. Nb3 $2 {Missing
forced win by tactics.} (24. Rxe6 Kxe6 25. Nb3 Rxb3 26. Bd5+ Kf6 27. Bxb3 {
[%cal Rc6d7]} Rb8 $1 28. Kg2 {[%cal Gf2e2]} (28. Qd7 $140 Rxb3 $1 $11) 28...
Rb6 29. Qa8 Qe4+ 30. Qxe4 fxe4 31. Re2 Rb4 32. Bd5 Kf5 33. Bc6 {[%cal Rc6d7]}
h5 34. Bd7+ Kg6 35. Be8+ Kh6 36. Bc6 $18) 24... Rxb3 $2 {Black did not find
out the best defense. It was possible to hold this position by:} (24... Bxb3
25. axb3 Ra7 $1 {only move.} 26. Qc4+ (26. Bd5+ Kg7 27. Kg2 Rb6 {with good
chances for a draw.}) 26... Qxc4 27. bxc4 Bf6 {[%csl Rb2] and black is close
to the draw again, but white still has some chances:} 28. Rd1 Ra6 29. Bd5+ Kg6
30. Be6 $16 {[%csl Rf5][%cal Gd1d5]}) 25. axb3 Rc8 26. Qa4 Qb6 $2 $18 {Again
black did not find the best move.} (26... Bf6 $142 {[%cal Gc8c2]} 27. Kf1 $1 {
[%csl Yf2] releasing Rf2;} (27. Qxd4 Bxd4 28. Kf1 Bxf2 29. Kxf2 Bxb3 $14) 27...
Qd3+ (27... Qxa4 28. bxa4 Bc4+ 29. Kg1 Bd4 30. Rc1 $18 {[%cal Gg2d5]}) 28. Rfe2
Kg6 $1 {Still white can not get rid of the pins;}) 27. Kf1 {[%csl Yf2] White
is winning now, but Kishnev is missing the quickest:} (27. Bd5 $1 Bxd5 (27...
Rc2 28. Bxe6+ Kf6 29. Ref1 Kxe6 30. Qe8 Kf6 31. Qh8+ Kg6 32. Qg8+ Kf6 33. Qd5
Rxb2 34. Kg2 $18) 28. Qd7 Qc5 29. b4 Qc6 30. Qxe7+ $18) 27... Rc7 28. Rd2 {
[%cal Gg2d5]} Ra7 (28... Bxb3 29. Qxb3+ $1 Qxb3 30. Bd5+ Qxd5 31. Rxd5 $18) 29.
Qd4 Qxd4 30. Rxd4 {[%cal Rg2d5]} Ra5 31. b4 Rb5 32. Bc6 Bf6 33. Be8+ (33. Rxd6
Bc4+ 34. Kg1 Rb6 $1) 33... Kxe8 (33... Ke7 34. Bxb5 Bxd4 35. Bc4 {[%csl Re6]})
34. Rxe6+ Kf7 35. Rdxd6 Bxb2 36. Rb6 {The best way is to trade rooks. Black
can not avoid it.} Rd5 37. Red6 1-0

[Event "BEL-chT 0001"]
[Site "Belgium"]
[Date "2001.02.04"]
[Round "8"]
[White "Van de Mortel, Jan"]
[Black "Kishnev, Sergey"]
[Result "0-1"]
[WhiteElo "2411"]
[BlackElo "2489"]
[PlyCount "130"]
[EventDate "2000.11.18"]
[EventType "team"]
[EventRounds "13"]
[EventCountry "BEL"]
[SourceTitle "CBM 081 Extra"]
[Source "ChessBase"]
[SourceDate "2001.05.06"]
[SourceVersion "1"]
[SourceVersionDate "2001.05.06"]
[SourceQuality "1"]

1. d4 Nf6 2. Nf3 d5 3. Bf4 c5 4. e3 Nc6 5. c3 Qb6 6. Qb3 c4 7. Qc2 g6 8. Nbd2
Bf5 9. Qc1 Bg7 10. h3 h6 11. b3 cxb3 12. axb3 g5 13. Bg3 Rc8 14. Qa3 O-O 15.
Be2 Ne4 16. Nxe4 Bxe4 17. O-O f5 18. Nd2 Bc2 19. Bf3 Qd8 20. Rfc1 Be4 21. Nxe4
dxe4 22. Be2 Kh8 23. Bc4 Qd7 24. Qa2 e5 25. d5 Ne7 26. Qxa7 f4 27. Bh2 Nf5 28.
Qa4 Qd6 29. Re1 Qc5 30. Qb4 Nd6 31. Bf1 Qxb4 32. cxb4 Rc3 33. Rab1 Rfc8 34. g3
f3 35. g4 Rc2 36. Red1 Kh7 37. Bg3 h5 38. gxh5 Kh6 39. Ra1 Kxh5 40. b5 Kg6 41.
Bc4 Bf6 42. Ra4 Kf5 43. Rda1 Bd8 44. Ra8 Rc1+ 45. Kh2 Rxa1 46. Rxa1 Bb6 47. Kg1
Kf6 48. Kh2 Rh8 49. Ra2 g4 50. Bf1 gxh3 51. Ra4 Bc5 52. Ra1 Nf5 53. Rc1 Bb6 54.
Rd1 Bxe3 55. fxe3 Nxe3 56. Re1 Ng4+ 57. Kh1 e3 58. Bc4 e2 59. Bxe2 fxe2 60.
Rxe2 Kf5 61. Re1 Rd8 62. Rd1 Rd6 63. Rd3 Ke4 64. Bxe5 Kxe5 65. Rxh3 Nf2+ 0-1

[Event "EU-Cup 17th"]
[Site "Panormo"]
[Date "2001.09.24"]
[Round "2.1"]
[White "Thorhallsson, Throstur"]
[Black "Kishnev, Sergey"]
[Result "0-1"]
[WhiteElo "2456"]
[BlackElo "2498"]
[PlyCount "92"]
[EventDate "2001.09.22"]
[EventType "team-swiss"]
[EventRounds "7"]
[EventCountry "GRE"]
[SourceTitle "CBM 084 Extra"]
[Source "ChessBase"]
[SourceDate "2001.10.26"]
[SourceVersion "1"]
[SourceVersionDate "2001.10.26"]
[SourceQuality "1"]
[WhiteTeam "Reykjavik CC"]
[BlackTeam "Eupen Rochade"]
[WhiteTeamCountry "ISL"]
[BlackTeamCountry "BEL"]

1. e4 e6 2. d4 d5 3. Nc3 Bb4 4. Nge2 dxe4 5. a3 Be7 6. Nxe4 Nf6 7. N2g3 Nc6 8.
c3 Nxe4 9. Nxe4 Qd5 10. Qf3 O-O 11. Bf4 Kh8 12. Bxc7 e5 13. Nd2 Qxf3 14. Nxf3
exd4 15. Nxd4 Nxd4 16. cxd4 Bf5 17. Bb5 Rac8 18. Ba5 Rc2 19. Bc3 Bxa3 20. Rxa3
Rc1+ 21. Ke2 Rxh1 22. Rxa7 Rxh2 23. Kf3 Be6 24. Kg3 Rh5 25. Rxb7 Rg5+ 26. Kf4
Rxg2 27. f3 Bd5 28. Rd7 g5+ 29. Ke5 Bxf3 30. Kf6 Rf2 31. d5 Be2+ 32. Ke7+ Kg8
33. Bc6 g4 34. Be5 f6 35. Bd4 g3 36. d6 Bc4 37. Bxf2 gxf2 38. Bg2 f1=Q 39. Bxf1
Bxf1 40. Rc7 Rf7+ 41. Kd8 f5 42. Rc5 f4 43. Rh5 f3 44. Ke8 f2 45. Rg5+ Rg7 46.
d7 Bb5 0-1

[Event "BL2-West 0102"]
[Site "Germany"]
[Date "2002.01.20"]
[Round "4.2"]
[White "Kishnev, Sergey"]
[Black "Telljohann, Sven"]
[Result "1-0"]
[WhiteElo "2498"]
[BlackElo "2415"]
[PlyCount "72"]
[EventDate "2001.10.07"]
[EventType "team-tourn"]
[EventRounds "9"]
[EventCountry "GER"]
[SourceTitle "CBM 088 Extra"]
[Source "ChessBase"]
[SourceDate "2002.07.01"]
[SourceVersion "2"]
[SourceVersionDate "2002.07.01"]
[SourceQuality "1"]
[WhiteTeam "Gelsenkirchen"]
[BlackTeam "Muenster"]
[WhiteTeamCountry "GER"]
[BlackTeamCountry "GER"]

1. d4 c5 2. d5 g6 3. e4 Bg7 4. f4 d6 5. Nf3 Nf6 6. Nc3 O-O 7. Be2 Na6 8. O-O
Nc7 9. a4 a6 10. Re1 Rb8 11. a5 b5 12. axb6 Rxb6 13. h3 Rb4 14. Bd3 e6 15. Na2
Rb8 16. c4 exd5 17. exd5 Nd7 18. Rb1 f5 19. b4 Re8 20. Be3 cxb4 21. Nxb4 Bb7
22. Bc2 a5 23. Nc6 Bxc6 24. dxc6 Rxb1 25. Qxb1 Nc5 26. Qb6 Bc3 27. Rd1 Bb4 28.
Bf2 Qe7 29. Kh1 Na8 30. Qb5 Nc7 31. Qb6 Na8 32. Qb5 Qe2 33. Bxc5 Qxc2 34. Rxd6
Qc1+ 35. Ng1 Nc7 36. Qb6 Na8 1-0

[Event "BEL-chT 0102"]
[Site "Belgium"]
[Date "2001.12.23"]
[Round "5"]
[White "Kishnev, Sergey"]
[Black "Hausrath, Daniel"]
[Result "1-0"]
[WhiteElo "2498"]
[BlackElo "2474"]
[PlyCount "145"]
[EventDate "2001.10.14"]
[EventType "team"]
[EventRounds "11"]
[EventCountry "BEL"]
[SourceTitle "EXT 2003"]
[Source "ChessBase"]
[SourceDate "2002.11.25"]
[SourceVersion "1"]
[SourceVersionDate "2002.11.25"]
[SourceQuality "1"]

1. e4 c5 2. Nf3 g6 3. d4 Bg7 4. c4 Qb6 5. Nc3 cxd4 6. Nd5 Qa5+ 7. b4 Qd8 8. Bg5
f6 9. Qxd4 e6 10. Ne3 Qe7 11. Bh4 Qxb4+ 12. Nd2 Nc6 13. Qd3 Nge7 14. Rb1 Qa5
15. Qd6 g5 16. Bg3 Ng6 17. Be2 Bf8 18. Qd3 Bb4 19. Rb2 Nge5 20. Bxe5 Nxe5 21.
Qb3 Bc3 22. Rc2 Bxd2+ 23. Rxd2 b6 24. h4 Bb7 25. hxg5 fxg5 26. Rh5 O-O-O 27. c5
Kb8 28. Rxg5 d6 29. cxb6 Qxb6 30. Qxb6 axb6 31. f3 Rc8 32. Rh5 Rc1+ 33. Kf2 Rc5
34. Rh6 Bc8 35. f4 Ng6 36. g3 Kc7 37. Bd3 Bb7 38. e5 Ne7 39. exd6+ Kxd6 40. f5
Kc7 41. Rxe6 Nc6 42. Be4 Rd8 43. Rd5 Ra5 44. Rxa5 Nxa5 45. Bxb7 Nxb7 46. Kf3
Nc5 47. Re7+ Rd7 48. Rxd7+ Nxd7 49. Ke4 Kd6 50. Kd4 b5 51. Ng4 Nb8 52. Ne5 h5
53. Ke4 Ke7 54. Kf4 Kf6 55. a3 Na6 56. Nd7+ Ke7 57. Nb6 Nc5 58. Nd5+ Kf7 59.
Ke3 Nb7 60. Nc3 Nd6 61. Kf4 Kg7 62. Kg5 Kf7 63. Kf4 Kg7 64. Ke5 Nc4+ 65. Ke6
Nxa3 66. Ke7 Nc4 67. f6+ Kh7 68. Nxb5 Ne5 69. Nd4 Kg6 70. Ke6 Nf7 71. Nc6 Ng5+
72. Ke7 Kf5 73. Nd4+ 1-0

[Event "Oberliga NRW 0203 II"]
[Site "Germany"]
[Date "2003.02.16"]
[Round "6.2"]
[White "Kishnev, Sergey"]
[Black "Bojkov, Dejan"]
[Result "1-0"]
[WhiteElo "2497"]
[BlackElo "2448"]
[PlyCount "99"]
[EventDate "2002.10.06"]
[EventType "team"]
[EventRounds "9"]
[EventCountry "GER"]
[SourceTitle "EXT 2004"]
[Source "ChessBase"]
[SourceDate "2003.11.25"]
[SourceVersion "1"]
[SourceVersionDate "2003.11.25"]
[SourceQuality "1"]
[WhiteTeam "Gelsenkirchen"]
[BlackTeam "Bergheim"]
[WhiteTeamCountry "GER"]
[BlackTeamCountry "GER"]

1. d4 Nf6 2. c4 g6 3. Nc3 Bg7 4. e4 d6 5. Nf3 O-O 6. Be2 e5 7. O-O Na6 8. Re1
c6 9. Bf1 Bg4 10. d5 c5 11. h3 Bd7 12. Nh2 Kh8 13. Bg5 Qb8 14. Qd2 Ng8 15. a3
f6 16. Be3 Rf7 17. f4 exf4 18. Bxf4 Qf8 19. Nb5 Bxb5 20. cxb5 Nb8 21. Be2 Nd7
22. Bg4 Ne5 23. Be6 Re7 24. Ng4 Rd8 25. Rf1 h5 26. Ne3 Bh6 27. g3 Qg7 28. Kh2
h4 29. gxh4 Rf8 30. Ng4 Bxf4+ 31. Qxf4 f5 32. Nxe5 dxe5 33. Qf2 f4 34. Qxc5 Nf6
35. Rae1 Rc7 36. Qf2 Nh5 37. d6 Rd7 38. Bxd7 Qxd7 39. Qc5 Re8 40. Rf2 Re6 41.
Rd2 Nf6 42. Qc7 Re7 43. Rc2 Rg7 44. Qxd7 Rxd7 45. Rc8+ Kg7 46. Rc7 Kf7 47. Rg1
Ke6 48. Rxd7 Kxd7 49. Rxg6 Nxe4 50. h5 1-0